000 00371pam a2200157a 44500
008 230515b2005 xxu||||| |||| 00| 0 eng d
020 _aNULL
041 _aENG
082 _a616.5
100 _aP N Behl A Aggarwal & Govind
245 _aPractice of Dermatology 10th ed
250 _a10th
260 _aNULL
_b"C B S, nd, 0"
_c2005
300 _a500
650 _aN.D.
999 _c524336
_d524336